Why was Jeremiah sad? {ch} / (Record no. 22971)
[ view plain ]
| 000 -LEADER | |
|---|---|
| fixed length control field | 00988nam a2200229 4500 |
| 008 - FIXED-LENGTH DATA ELEMENTS--GENERAL INFORMATION | |
| fixed length control field | 050314s1999 ch chi |
| 020 ## - INTERNATIONAL STANDARD BOOK NUMBER | |
| International Standard Book Number | 9570368055 :NT20 |
| 090 ## - LOCALLY ASSIGNED LC-TYPE CALL NUMBER (OCLC); LOCAL CALL NUMBER (OCLC) | |
| Classification number (OCLC) (R) ; Classification number, CALL (RLIN) (NR) | BS551.2 |
| Local cutter number (OCLC) ; Book number/undivided call number, CALL (RLIN) | Yo8j |
| 100 1# - MAIN ENTRY--PERSONAL NAME | |
| Personal name | Youd, Pauline, |
| Dates associated with a name | 1932- |
| 245 10 - TITLE STATEMENT | |
| Title | Why was Jeremiah sad? {ch} / |
| Statement of responsibility, etc | by Pauline Youd |
| 260 ## - PUBLICATION, DISTRIBUTION, ETC. (IMPRINT) | |
| Place of publication, distribution, etc | Taipei : |
| Name of publisher, distributor, etc | Dao Sheng Publishing, |
| Date of publication, distribution, etc | 1999. |
| 300 ## - PHYSICAL DESCRIPTION | |
| Extent | 15 p. : |
| Other physical details | col. ill. ;12 cm. |
| 440 #0 - SERIES STATEMENT/ADDED ENTRY--TITLE | |
| Title | I Wonder books series; |
| Volume number/sequential designation | 8 |
| 501 ## - WITH NOTE | |
| With note | Original ed. published in Denmark, 1997 by Scandinavia Publishing House. |
| 520 ## - SUMMARY, ETC. | |
| Summary, etc | A simple retelling of the story in which Jeremiah keeps telling people to pay attention God's word even though they refuse to listen. |
| 600 14 - SUBJECT ADDED ENTRY--PERSONAL NAME | |
| Personal name | Jeremiah |
| Titles and other words associated with a name | (Biblical prophet) {ch} |
| 600 14 - SUBJECT ADDED ENTRY--PERSONAL NAME | |
| Personal name | Jeremiah |
| Titles and other words associated with a name | (Biblical prophet) |
| General subdivision | Juvenile literature {ch}. |
| 650 #4 - SUBJECT ADDED ENTRY--TOPICAL TERM | |
| Topical term or geographic name as entry element | Bible stories |
| General subdivision | O.T. {ch}. |
| 650 #4 - SUBJECT ADDED ENTRY--TOPICAL TERM | |
| Topical term or geographic name as entry element | Bible stories, English |
| General subdivision | O.T. Jeremiah {ch}. |
| 700 1# - ADDED ENTRY--PERSONAL NAME | |
| Personal name | Zheng, Shu-Quin, trans. |
| 951 ## - EQUIVALENCE OR CROSS-REFERENCE-GEOGRAPHIC NAME/AREA NAME [OBSOLETE] [CAN/MARC only] | |
| -- | C-6100 |
| -- | BS551.2/Yo8j |
| -- | 070613111448296 |
| -- | 2000-12-21 |
| -- | PAM-CH |
| Withdrawn status | Lost status | Damaged status | Not for loan | Home library | Current library | Shelving location | Date acquired | Accession number | Shelving control number | Total Checkouts | Full call number | Date last seen | Price effective from | Koha item type |
|---|---|---|---|---|---|---|---|---|---|---|---|---|---|---|
| BSOP Library | BSOP Library | Pamphlet Chinese | 12/21/2000 | C-6100 | 127 | BS551.2/Yo8j | 02/23/2013 | 02/23/2013 | Books |
